Logo BPK

Biblioteka

Politechniki Koszalińskiej

Elektrotechnika i elektronika. Ćwiczenia rachunkowe / (Rekord nr 9854)

Szczegóły MARC
000 -ETYKIETA REKORDU
podpole kontrolne o stałej długości 00448nam a2200157 i 4500
001 - NUMER KONTROLNY REKORDU
pole kontrolne bg
040 ## - ŹRÓDŁO KATALOGOWANIA
Instytucja, która utworzyła rekord BPK
041 ## - KOD JĘZYKA
Kod języka tekstu pol
008 - POLE O STAŁEJ DŁUGOŚCI - DANE KONTROLNE
podpole kontrolne o stałej długości s pl f |000 0 pol
100 1# - NAZWA OSOBOWA
Nazwa osobowa MIERZBICZAK, Józef
245 #0 - TYTUŁ/ODPOWIEDZIALNOŚĆ
Tytuł Elektrotechnika i elektronika. Ćwiczenia rachunkowe /
Pozostałe elementy strefy tytułu i oznaczenia odpowiedzialności Józef Mierzbiczak, Ryszard Ksycki, Edward Małachowski.
260 ## - STREFA ADRESU WYDAWNICZEGO
Miejsce wydania Bydgoszcz,
Data publikacji, dystrybucji/powstania dokumentu 1977.
700 1# - HASŁO DODATKOWE - NAZWA OSOBOWA
Nazwa osobowa KSYCKI, Ryszard
700 1# - HASŁO DODATKOWE - NAZWA OSOBOWA
Nazwa osobowa MAŁACHOWSKI, Edward
856 ## - LOKALIZACJA I DOSTĘP DO ELEKTRONICZNYCH DOKUMENTÓW ZDALNYCH
Link (URL) http://koha.tu.koszalin.pl/cgi-bin/koha/opac-detail.pl?biblionumber=9854
Tekst linku Katalog online BPK
942 ## - DODATKOWE ELEMENTY (KOHA)
Typ dokumentu Książka
Egzemplarze
Wycofany Status egzemplarza Uszkodzony Dostępność Lokalizacja stała Lokalizacja bieżąca Miejsce przechowywania Sygnatura Kod kreskowy Ostatnio wypożyczono Typ dokumentu
      Dostępny Biblioteka Politechniki Koszalińskiej Biblioteka Politechniki Koszalińskiej Wypożyczalnia BG 25268 01665987 14.06.2019 Książka
© 2023 Biblioteka Politechniki Koszalińskiej :: KOHA